| 000 -LEADER |
| fixed length control field |
00685nam a2200241Ia 4500 |
| 001 - CONTROL NUMBER |
| control field |
814 |
| 003 - CONTROL NUMBER IDENTIFIER |
| control field |
GE_BSU |
| 008 - FIXED-LENGTH DATA ELEMENTS--GENERAL INFORMATION |
| fixed length control field |
181216s||||||||xx |||||||||||||| ||und|| |
| 020 ## - INTERNATIONAL STANDARD BOOK NUMBER |
| International Standard Book Number |
5829700298 |
| 040 ## - CATALOGING SOURCE |
| Transcribing agency |
GE_BSU |
| 080 ## - UNIVERSAL DECIMAL CLASSIFICATION NUMBER |
| Universal Decimal Classification number |
911.3(075.8) |
| 100 ## - MAIN ENTRY--PERSONAL NAME |
| Personal name |
Алисов, Н.В.;Хорев,Б.С. |
| 245 ## - TITLE STATEMENT |
| Title |
Экономическая и социальная география (общий обзор) |
| 245 ## - TITLE STATEMENT |
| Remainder of title |
Уч-к |
| 260 ## - PUBLICATION, DISTRIBUTION, ETC. |
| Place of publication, distribution, etc. |
Москва |
| 260 ## - PUBLICATION, DISTRIBUTION, ETC. |
| Name of publisher, distributor, etc. |
Гардарики |
| 260 ## - PUBLICATION, DISTRIBUTION, ETC. |
| Date of publication, distribution, etc. |
2001 |
| 300 ## - PHYSICAL DESCRIPTION |
| Extent |
704стр. |
| 653 ## - INDEX TERM--UNCONTROLLED |
| Uncontrolled term |
география |
| 653 ## - INDEX TERM--UNCONTROLLED |
| Uncontrolled term |
Экономическая и социальная география |
| 942 ## - ADDED ENTRY ELEMENTS (KOHA) |
| Koha item type |
წიგნი |